Zwycięzcy programu Twoja Twarz Brzmi Znajomo - Statystyki

Ogólne statystyki
  • Ten quiz został rozwiązany 45 razy
  • Średni wynik to 12 z 19
Statystyki odpowiedzi
Edycja Odpowiedź % Poprawnych
9 Filip Lato
91%
1 Katarzyna Skrzynecka
91%
5 Aleksandra Szwed
79%
8 Kacper Kuszewski
79%
6 Maria Tyszkiewicz
79%
10 Mateusz Ziółko
79%
3 Stefano Terrazzino
74%
15 Robert Janowski
68%
12 Adam Strycharczuk
65%
4 Bartłomiej Kasprzykowski
62%
2 Marek Kaliszuk
62%
17 Kasia Wilk
59%
19 Kuba Szmajkowski
59%
18 Oskar Cyms
56%
7 Kasia Popowska
53%
11 Kazimierz Mazur
53%
13 Paweł „Czadoman” Dudek
53%
14 Lesław Żurek
47%
16 Johan „Danzel” Waem
29%
Nie znaleziono quizów pasujących do podanych kryteriów
Rozkład punktacji
Procent ludzi z każdym wynikiem
Percentyl według liczby udzielonych odpowiedzi
Twoja historia wyników
Nie rozwiązałeś tego quizu